BIBLIOTHÈQUE DE LA MAISON DU MEXIQUE

Logo 1 Logo 2

Cartas inéditas de Alfonso Reyes a Julio Torri (notice nᵒ 585)

détails MARC
000 -Sello discográfico
campo de control de longitud fija 01058nam a2200301 4500
005 - Identificación de versión
campo de control 20251016082316.0
035 ## - Otros números de control del sistema
Número de control del sistema 18334
099 ## - fechas locales
Tipo de ítem Koha LIBRO
100 ## - Datos de procesamiento general
Datos de procesamiento general 19951016d1993 m y1spay5003 ba
105 ## - Campo de datos codificados: Material textual, monográfico
Datos codificados de monografía y 001za
200 1# - Título y mención de responsabilidad
Título propio Cartas inéditas de Alfonso Reyes a Julio Torri
Designación general del material texto impreso
210 ## - Publicación, distribución, etc.
Lugar de publicación, distribución, etc. México
Nombre del editor, distribuidor, etc. Universidad Autónoma del Estado de México
Fecha de publicación, distribución, etc. 1993
215 ## - Descripción física
Designación de material específico y extensión del ítem 11 p
Otras características físicas facsimiles
Dimensiones 28 cm
300 ## - Notas generales
Texto de la nota Suplemento de la Revista "Archivos Literarios" de la Universidad del Estado de México (Núm.2, Enero-marzo 1993)
345 ## - Nota de información de adquisición
Fuente de adquisición/dirección de la suscripción [OBSOLETO] Donación
410 #1 - Series
Título Archivos Literarios UAEM
Número de la sección o parte suplemento 2
600 ## - Nombre personal usado como materia
Elemento de entrada Reyes Ochoa
Parte del nombre distinta del elemento de entrada Alfonso
Fechas 1889-1959
Subdivisión temática Correspondencia, memorias, etc
Número Koha 515
600 ## - Nombre personal usado como materia
Elemento de entrada Torri Maynes
Parte del nombre distinta del elemento de entrada Julio
Fechas 1889-1970
Subdivisión temática Correspondencia, memorias, etc
Número Koha 1693
660 ## - Código de área geográfica
Código MX
702 ## - Nombre personal - Responsabilidad secundaria
Elemento de entrada Rodríguez
Parte del nombre distinta del elemento de entrada Fernando
Número Koha 1694
801 #0 - Fuente de origen
Agencia cm
900 ## -
-- 1/12016
900 ## -
-- 71095927\\\161095
942 ## - ELEMENTOS DE ENTRADA SECUNDARIOS (KOHA)
Tipo de ítem Koha Livre
996 ## -
-- MEX
-- 751145101
-- MMAG
-- 009672
-- 866.4 R457CIN
-- 20240213LIV
Exemplaires
Estatus retirado Estado de daño Estado de pérdida Fecha de adquisición Biblioteca de origen Biblioteca actual Ubicación en estantería Código de barras Precio de reemplazo Signatura topográfica completa No para préstamo Tipo de ítem Koha Nota pública Nota no pública
      05/08/2025 Casa México Paris Casa México Paris   009672 05/08/2025 866.4 R457CIN   Livre 20240213LIV 751145101